| 000 | 00463nam a2200193Ia 4500 | ||
|---|---|---|---|
| 008 | 210210b2012 xxu||||| |||| 00| 0 eng d | ||
| 020 | _a9789382291169 | ||
| 041 | _aeng | ||
| 082 | _a001.64404 MURC | ||
| 100 | _aMURALI (C) | ||
| 245 | _aComputer communication networks | ||
| 260 |
_aND _bElseveir _c2012 |
||
| 300 | _axviii,325 | ||
| 650 | _anetworks | ||
| 650 | _aComputer | ||
| 650 | _acommunication | ||
| 690 | _aComputer Networks | ||
| 906 | _a067723 | ||
| 999 |
_c150852 _d150852 |
||